Halid Bešlić - Diskografija - Statistics

General Stats
  • This quiz has been taken 15 times
    6 since last reset
  • The average score is 79 of 184
Answer Stats
Year Song Feat. % Correct
1987 Eh kad bi ti
100%
1987 Hej zoro ne svani
100%
2013 Romanija
100%
2020 Andjela
50%
2020 Andjeo iz mog sokaka
50%
1984 Budi budi uvijek srećna
50%
2008 Budna si
50%
2008 Čardak
50%
1986 Čarobna frula
50%
2000 Crna ruža
50%
2002 Daj da ljubim
50%
1988 Daleko je sreća
50%
1979 Dani ljubavi
50%
2020 Da vrijeme stane
50%
1993 Da zna zora
50%
1982 Do ljubavi tvoje mi je stalo
50%
1982 Domovino u srcu te nosimo
50%
1988 Dosta mi je tužne muzike
50%
2024 Dragi Bože Siniša Vuco
50%
2008 Dvadesete
50%
1987 Gitara i čaša vina
50%
1980 Gitara u noći
50%
2025 Godino vrela Dino Merlin
50%
1993 Grade moj
50%
1979 | 2002 Grešnica
50%
1986 Hej lijepa ženo
50%
2000 Hej noći
50%
1985 Hir mladosti
50%
2020 Hladno sunce
50%
1984 Imala je plavu kosu
50%
2021 Iskra Indira Forza
50%
1985 I zanesen tom ljepotom
50%
2016 Ja bez tebe ne mogu da živim
50%
1986 Jabuke su bile slatke
50%
1993 Ja se Bosni spremam
50%
1986 Ja žalim ružu
50%
2015 Jel' ti žao što se rastajemo
50%
2013 Kad pukne srcu nit
50%
2013 Kad si disala za mene
50%
2013 Kad zaigra srce od meraka
50%
2000 Kao nekad
50%
2002 Kao nekada
50%
2013 Karta svijeta Džidža
50%
2013 Lavanda
50%
1990 Lete ptice lete jata
50%
2002 Lijepa pa i pametna
50%
2002 Lijepe ciganke
50%
1986 Limun žut
50%
1991 Ljiljani
50%
1985 Ljubav je k'o magla
50%
1988 Ljubav je stvorila andjela
50%
2008 Ljubičica
50%
2008 Ljut na tebe
50%
2004 Malo je malo dana
50%
2008 Miljacka
50%
1981 Mirela
50%
1986 Mladost je otišla
50%
1986 Mnogi su je poljubili
50%
2002 Moja jedina
50%
1990 More i planine
50%
1988 Mostovi tuge
50%
1986 Mujo Halil i vila
50%
2002 Navika
50%
1988 Na zapadu ništa novo
50%
2000 Ne bolujem
50%
1979 Ne budi mi nadu
50%
1979 Nećeš saznat' koliko te volim
50%
1984 Neću neću dijamante
50%
1987 Ne diraj mi nju
50%
1986 Nekad sam ti bio drag
50%
2011 Ne kuni me prijatelju Amir Zolj
50%
2020 Neretva
50%
2011 Ne zna juče da je sad Viki Miljković
50%
2008 Nije ljubav vino
50%
1991 Nikom više ne vjerujem ja
50%
2015 Noćne ptice Zoran Kalezić
50%
1991 Oči njene
50%
1998 Odlazim
50%
2020 Od ponoći do ponoći Boris Režak
50%
1993 Od sabaha do jacije
50%
1988 Ona i samo ona
50%
1986 Ona je opijum
50%
1990 Opet sam se zaljubio
50%
2009 Orilo gorilo Edwin Po
50%
2025 Ostala je samo pjesma Sejo Bajraktarević
50%
1986 Otrov mi dajte
50%
1991 Pamtit' ću te
50%
1981 Pet godina volio sam tebe
50%
1982 Pjesma samo o njoj
50%
1997 Plačem Zehra Bajraktarević
50%
1998 Plavuše
50%
2002 Požuri
50%
1986 Prokleta je žena ta
50%
2013 Prosule se godine
50%
2002 Prvi poljubac
50%
1998 Rajske ptice
50%
2004 Rana jesen Branka Sovrlić
50%
1998 Ranjen sam ti
50%
1991 Rastanak
50%
1998 Robinja
50%
1982 Samo s' tobom lijepo mi je
50%
1979 Sanjam majku sanjam staru kuću
50%
1990 Sarajevo srećo moja
50%
1996 Sarajka djevojka
50%
2025 Sejda Miligram
50%
2013 Sijede
50%
1979 Sijedi starac
50%
1996 Sjeti me se bistra rijeko
50%
1984 Snijegovi hladni dolaze
50%
2008 Snježana
50%
2009 Srce na teren Serpico,
Marjan Mijajlović
50%
1987 Srebrni mjesec
50%
1993 Stani zoro
50%
2002 Stara kuća
50%
2013 Štiklom od kamen
50%
1980 Što je tužna breza ta
50%
1990 Sumorne jeseni
50%
1998 Svatovi
50%
2013 Sviće zora Enis Bešlagić
50%
2002 Sviraj nešto narodno Donna Ares
50%
1982 Ta je žena varala me
50%
1998 Tajna
50%
2020 Taman je
50%
2011 Tamburaši Legende
50%
2020 Trebević
50%
1984 Tri ruže
50%
2000 U ime ljubavi
50%
1998 U meni jesen je
50%
1987 U plamenu jedne vatre
50%
1982 Uspomeno uspomeno
50%
2000 Vazda
50%
1979 | 1985 Volim te
50%
1982 Volim te neka svako zna
50%
1986 Voljela me jedna Esma
50%
1986 Vraćam se majci u Bosnu
50%
2020 Vrijeme je
50%
2023 Zagrli me Ana Bekuta
50%
1984 Zagrli me nježno
50%
1986 Zajedno smo jači
50%
1988 Zaljubljen sam stara majko
50%
2011 Zarobljenik uspomena Danijela Martinović
50%
1991 Zarobljenik vina
50%
1987 Zar si mogla ljubit' njega
50%
1979 Zašto je moralo tako da bude
50%
1985 Zbog najdraže žene
50%
1985 Zbogom noći zbogom zore
50%
1998 Željan sam željan
50%
1998 Žena mog života
50%
1990 Zlatna čaša
50%
1990 Zlatne niti
50%
1985 Zlatne strune
50%
2002 Zrele kajsije
50%
1988 Zumbuli su procvali
50%
1993 Djeco Bosanska
0%
1990 Gordana
0%
1993 Jače od okova
0%
1985 Još ljubavi ima
0%
2022 Još si moje sve Nikolina Kovač
0%
1993 Kad tad
0%
2013 Miriše bol
0%
1986 Najljepši dragulji
0%
2008 Ne traži me
0%
1996 Ne zovi me ne traži me
0%
1996 Noć i dan se dijeli
0%
1996 Pjesme moje
0%
1996 Plakat' ću ljubavi moja
0%
2000 Poželjet' ćeš
0%
2000 Pruži mi ruku
0%
2015 Samo jednom Jasna Gospić
0%
1996 Sanjam te majko
0%
2013 Sevdah da se dogodi
0%
2000 Srce ledeno
0%
2022 Sretni me dani prate Rizo Ruža
0%
1993 Sunce jedino
0%
1979 Ti si bila moja želja
0%
2008 Ulica uzdaha
0%
1991 Uzalud je vino
0%
1996 Vjetrovi i oluje
0%
1987 Vremena se mijenjaju
0%
1991 Zadnji put sam ovdje druže
0%
1982 Zašto su ti oči tužne
0%
2020 Zbogom ostaj ljubavi
0%
No matching quizzes found
Score Distribution
Percent of People with Each Score
Percentile by Number Answered
Your Score History
You have not taken this quiz since the last reset